书目信息 |
| 题名: |
台湾小说作家论
|
|
| 作者: | 汪景寿 著 | |
| 分册: | ||
| 出版信息: | 北京 北京大学出版社 1984.3 |
|
| 页数: | 236页 | |
| 开本: | 20cm | |
| 丛书名: | ||
| 单 册: | ||
| 中图分类: | I207.4 | |
| 科图分类: | ||
| 主题词: | 文学--中国 | |
| 电子资源: | ||
| ISBN: | ||
| 000 | 00510nam0 2200193 45 | |
| 001 | 0312221749 | |
| 005 | 20070731105955.62 | |
| 010 | @dCNY0.95 | |
| 091 | @a10209.56 | |
| 100 | @a20031222d1984 km y0chiy0120 ea | |
| 101 | @achi | |
| 200 | 1 | @a台湾小说作家论@ATai Wan Xiao Shuo Zuo Jia Lun@f汪景寿著@FWang Jing Shou Zhu |
| 210 | @a北京@c北京大学出版社@d1984.3 | |
| 215 | @a236页@d20cm | |
| 606 | 0 | @a文学@x中国 |
| 690 | @aI207.4@v3 | |
| 701 | 0 | @a汪景寿@4著 |
| 801 | @aCN@bTSTCL@c20070731 | |
| 905 | @dI207.4@e119 | |
| 台湾小说作家论/汪景寿著.-北京:北京大学出版社,1984.3 |
| 236页;20cm |
| ISBN :CNY0.95 |
| ● |
| 相关链接 |
|
|
|
|
正题名:台湾小说作家论
索取号:I207.4/119
 
预约/预借
| 序号 | 登录号 | 条形码 | 馆藏地/架位号 | 状态 | 备注 |
| 1 | 0109921 | 001884170 | 密集书库/ [索取号:I207.4/119] | 在馆 | |
| 2 | 0109926 | 001884134 | 密集书库/ [索取号:I207.4/119] | 在馆 | |
| 3 | 0109927 | 001884223 | 密集书库/ [索取号:I207.4/119] | 在馆 | |
| 4 | 0109929 | 001884125 | 密集书库/ [索取号:I207.4/119] | 在馆 | |
| 5 | 0109930 | 001884214 | 密集书库/ [索取号:I207.4/119] | 在馆 | |
| 6 | 0427078 | 204270788 | 密集书库/ [索取号:I207.4/119] | 在馆 | |
| 7 | 0443339 | 204433390 | 密集书库/ [索取号:I207.4/119] | 在馆 | |
| 8 | 0443340 | 204433407 | 密集书库/ [索取号:I207.4/119] | 在馆 | |
| 9 | 0787149 | 207871490 | 密集书库/ [索取号:I207.4/119] | 在馆 |